LIBRARY & INFORMATION CENTRE, KCAET, TAVANUR

ONLINE PUBLIC ACCESS CATALOGUE (OPAC)

Design of small canal structures / (Record no. 1571)

MARC details
000 -LEADER
fixed length control field 00535cam a2200205ua 4500
003 - CONTROL NUMBER IDENTIFIER
control field OSt
008 - FIXED-LENGTH DATA ELEMENTS--GENERAL INFORMATION
fixed length control field 250130b |||||||| |||| 00| 0 eng d
041 ## - LANGUAGE CODE
Language code of text/sound track or separate title eng
082 ## - DEWEY DECIMAL CLASSIFICATION NUMBER
Classification number 627.13
Item number AIS/DE
100 ## - MAIN ENTRY--AUTHOR NAME
Personal name Aisenbrey, A. J .
245 ## - TITLE STATEMENT
Title Design of small canal structures /
250 ## - EDITION STATEMENT
Edition statement 1 /
260 ## - PUBLICATION, DISTRIBUTION, ETC. (IMPRINT)
Place of publication India :
Name of publisher Scientific Publishers ,
Year of publication 1986.
300 ## - PHYSICAL DESCRIPTION
Number of Pages 435 ; .
700 1# - ADDED ENTRY--PERSONAL NAME
Personal name Hayes, R.B .
700 1# - ADDED ENTRY--PERSONAL NAME
Personal name Warren, H J .
700 1# - ADDED ENTRY--PERSONAL NAME
Personal name Winsett, D.L .
700 1# - ADDED ENTRY--PERSONAL NAME
Personal name Young, R.B .
942 ## - ADDED ENTRY ELEMENTS (KOHA)
Koha item type Books
Holdings
Withdrawn status Lost status Damaged status Home library Current library Date acquired Full call number Accession Number Koha item type Cost, normal purchase price
      KAUAET KAUAET 07/04/2012 627.13 AIS/DE 16967 Books  
      KAUAET KAUAET 29/01/2025 627.13 AIS/DE 16968 Books 300.00
free website counter